الإسلام : (Record no. 14156)
[ view plain ]
| 000 -الفاتح | |
|---|---|
| حقل البيانات ثابتة الطول | 00826nam a22001937a 4500 |
| 008 - عناصر البيانات ثابتة الطول - معلومات عامة | |
| حقل البيانات ثابتة الطول | 100622t1977 xxu||||g |||| 000 0 ara d |
| 082 ## - رقم تصنيف ديوى العشرى | |
| رقم الطبعة | 22 |
| رقم التصنيف | 250 |
| رقم المادة | ش ل ت |
| 100 ## - المدخل الرئيسى - إسم شخصى | |
| 9 (RLIN) | 15031 |
| الإسم الشخصى | شلتوت ، محمود |
| 245 ## - بيان العنوان | |
| العنوان | الإسلام : |
| بقية العنوان | عقيدة و عمل / |
| بيان المسئوليه,etc | .محمود شلتوت |
| 250 ## - بيان الطبعة | |
| بيان الطبعة | ط9. |
| 260 ## - PUBLICATION, DISTRIBUTION, ETC. (IMPRINT) | |
| مكان الناشر او الموزع | القاهرة: |
| اسم الناشر او الموزع | دار الشروق، |
| تاريخ النشر أو التوزيع | 1977. |
| 300 ## - الوصف المادى | |
| التعداد | ؛550ص |
| أبعاد الوعاء | 26سم. |
| 500 ## - تبصرة عامة | |
| تبصرة عامة | إهداء من الدكتور علاء عبد الغنى |
| 541 ## - تبصرة المصدر المباشر للتزويد | |
| مصدر التزويد | علاء عبد الغنى |
| طريقة التزويد | إهداء |
| 650 ## - المدخل الاضافى بالموضوع-مصطلح موضوعى | |
| 9 (RLIN) | 15033 |
| مصطلح موضوعي أو اسم جغرافي كعنصر مدخل | الفقه الإسلامي |
| 650 ## - المدخل الاضافى بالموضوع-مصطلح موضوعى | |
| 9 (RLIN) | 15034 |
| مصطلح موضوعي أو اسم جغرافي كعنصر مدخل | الشريعة الإسلامية |
| 942 ## - عناصر المدخل الإضافي( كوها) | |
| مصدر التصنيف او مخطط الترفيف | Dewey Decimal Classification |
| Koha [default] item type | Book - Borrowing |
| حالة التراجع | حالة الفقد | مصدر التصنيف او خطة الترفيف | حالة تلف | ليس للاعارة | مجموعات كوها | المكان الدائم | المكان الحالي | موقع الترفيف | تاريخ الاكتساب | Source of acquisition | رقم الاستدعاء | الباركود | Date last seen | نوع الوعاء |
|---|---|---|---|---|---|---|---|---|---|---|---|---|---|---|
| Dewey Decimal Classification | Central Library | Central Library | Lower Floor | 22/06/2010 | Donation | 250 ش ل ت | 000021020 | 15/07/2025 | Book - Borrowing |